Statistiques concernant Les 20 préfectures les plus proches de Cergy-Pontoise

Cliquez ici pour prendre le quiz!

Statistiques générales

  • Ce quiz a été pris 75 fois
  • Le résultat moyen est 16 sur 20

Statistiques - réponses

distance (en km)ville préfecture% Correct
32Paris
97%
28Versailles
92%
22Nanterre
90%
81Rouen
89%
42Beauvais
88%
34Bobigny
86%
95Amiens
85%
55Evry Courcouronnes
85%
43Créteil
84%
128.38Orléans
82%
73Melun
78%
176Caen
73%
65Evreux
73%
79Chartres
71%
172Troyes
71%
128.16Laon
68%
159Alençon
64%
148Arras
64%
171Blois
64%
170Chalons en Champagne
59%

Distribution des résultats

Percentile par nombre de réponses

% des personnes avec chaque résultat

Votre développement - résultats

Vous n’avez pas pris ce quiz